LDR 00636nam a2200181 i 4500 001 000000073787 003 CaOOAMICUS 005 20260410112722.0 008 000616n dk u000 u lat u 040 $aSeMil$bita 245 00$aL /$chuic fasciculo conficiendo praefuit Franz Blatt. 300 $a232 p. 700 1 $aBlatt, Franz.$0(OLS)http://semarc/name/36459 773 0 $tNovum glossarium mediae latinitatis.$dHafniae : Ejnar Munksgaard, 1957-$w()1287 850 $aSeMil 852 $aSeMil$W1$xVenegono$y1$m1X VI 42$j270026$B39939$CSeMilBibl$Z2$F39943 $81 996 $6245$aL$9(OLS)http://semarc/title/459040